Cómo evaluar las acciones de capacitación: guía práctica para la reflexión y la acción (Registro nro. 172)
[ vista simple ]
| 000 -Cabecera | |
|---|---|
| Campo de control de longitud fija | 00821aam a2200277 4500 |
| 005 - Fecha y hora de la última transacción | |
| Campo de control | 20241129175006.0 |
| 008 - Elementos de longitud fija--Información general | |
| Campo de control de longitud fija | 150721b xxu||||| |||| 00| 0 spa d |
| 041 ## - Idioma | |
| Código de idioma | |
| 082 ## - Clasificación Decimal Dewey | |
| Número de clasificación | 658.312.404 P144c |
| 100 ## - Entrada principal--Autor personal | |
| Nombre personal | Pain, Abraham |
| 9 (RLIN) | 15099 |
| 245 ## - Título propiamente dicho | |
| Título | Cómo evaluar las acciones de capacitación: guía práctica para la reflexión y la acción |
| 260 ## - Pie de imprenta | |
| Lugar de publicación, distribución, etc. | Argentina |
| 260 ## - Pie de imprenta | |
| Nombre del editor, distribuidor, etc. | Granica |
| 260 ## - Pie de imprenta | |
| Fecha de publicación, distribución, etc. | 2010 |
| 300 ## - Descripción física | |
| Extensión | 171 páginas |
| 650 ## - Materia general | |
| Temática (materia general) | CAPACITACIÓN DE PERSONAL |
| 650 ## - Materia general | |
| Temática (materia general) | CAPACITACIÓN LABORAL |
| 650 ## - Materia general | |
| Temática (materia general) | RAZONES PARA EVALUAR LAS CAPACITACIONES |
| 650 ## - Materia general | |
| Temática (materia general) | QUE SE PUEDE EVALUAR EN UNA CAPACITACIÓN |
| 650 ## - Materia general | |
| Temática (materia general) | CALIDAD |
| 650 ## - Materia general | |
| Temática (materia general) | ENSEÑANZAS OBTENIDAS |
| 650 ## - Materia general | |
| Temática (materia general) | ORGANIZAR LA EVALUACIÓN |
| 650 ## - Materia general | |
| Temática (materia general) | RESULTADOS OBTENIDOS |
| 942 ## - Punto de acceso adicional KOHA | |
| Tipo de ítem KOHA | Libro |
| Fuente del sistema de clasificación o colocación | Dewey Decimal Classification |
| Signatura completa | Código de barras | Programa Académico | Tipo de ítem |
|---|---|---|---|
| 658.312.404 P144c | 17588 | Libro |